Statistics for FIFA 22 TOTW 3

Click here to take the quiz!

General Stats

  • This quiz has been taken 25 times
  • The average score is 11 of 24

Answer Stats

ClubPositionRatingAnswer% Correct
TottenhamLM90Heung-Min Son
86%
Eintracht FrankfurtGK84Kevin Trapp
86%
Atletico MadridST89Luis Suarez
82%
Vissel KobeCAM83Andres Iniesta
77%
ChelseaRWB85Cesar Azpilicueta
77%
Man CityLW86Phil Foden
77%
JuventusCDM84Manuel Locatelli
64%
AC MilanCDM81Sandro Tonali
64%
LilleST84Jonathan David
59%
Borussia MonchengladbachST81Breel Embolo
45%
NantesGK82Alban Lafont
41%
NapoliCB81Amir Rrahmani
41%
Al NassrCF84Anderson Talisca
41%
VillarrealLM81Arnaut Danjuma
36%
MonacoCM82Aurelien Tchouameni
36%
Young BoysRM81Christian Fassnacht
32%
RennesLM74Kamaldeen Sulemana
27%
PortoLB81Wendell
27%
FreiburgCB81Philipp Lienhart
23%
IpswichCDM76Lee Evans
18%
BolognaCB77Arthur Theate
9%
FC ZurichST71Assan Ceesay
5%
Vancouver WhitecapsST75Brian White
5%
Rapid WienST79Ercan Kara
5%

Score Distribution

Percentile by Number Answered

Percent of People with Each Score

Your Score History

You have not taken this quiz